| 000 | 01172nam0a22002531 4500 | ||
|---|---|---|---|
| 001 | rc\4024919 | ||
| 005 | 20260407134515.0 | ||
| 021 |
_aRU _b[47-26672] |
||
| 035 | _a(NLR Aleph) 008088711 | ||
| 090 |
_a9169657 _c9169657 |
||
| 100 | _a20130415d1946 |||y0rusy50 ca | ||
| 101 | 0 | _arus | |
| 102 | _aRU | ||
| 105 | _ay g ||||| | ||
| 200 | 1 |
_aСправочник для поступающих во Всесоюзный заочный институт текстильной и легкой промышленности и учащихся Института _fМ-во высш. образования СССР |
|
| 210 |
_aМосква _aЛенинград _cИзд-во и 1-я тип. Гизлегпрома в Л. _d1946 |
||
| 215 |
_a16 с. _d20 |
||
| 606 |
_aТекстильные институты, заочные _jСправочники для поступающих _2psbo |
||
| 710 | 0 | 2 |
_aВсесоюзный заочный институт текстильной и легкой промышленности _3RU\NLR\AUTH\8810001732 _9500663 |
| 801 | 0 |
_aRU _bNLR _gpsbo |
|
| 801 | 1 |
_aRU _bELAR _2rusmarc |
|
| 852 |
_aNLR _jПр60 Г-4/97 |
||
| 942 | _cBOOK | ||
| 980 | _aNB | ||